Infrastructure reporting and asset management : (Record no. 329723)

000 -LEADER
fixed length control field 01615cam a2200325 a 4500
001 - CONTROL NUMBER
control field 15253472
003 - CONTROL NUMBER IDENTIFIER
control field NUST
005 - DATE AND TIME OF LATEST TRANSACTION
control field 20170518162213.0
008 - FIXED-LENGTH DATA ELEMENTS--GENERAL INFORMATION
fixed length control field 080409s2008 vauab b 001 0 eng
010 ## - LIBRARY OF CONGRESS CONTROL NUMBER
LC control number 2008015980
020 ## - INTERNATIONAL STANDARD BOOK NUMBER
International Standard Book Number 9780784409589
020 ## - INTERNATIONAL STANDARD BOOK NUMBER
International Standard Book Number 0784409587
035 ## - SYSTEM CONTROL NUMBER
System control number (OCoLC)ocn222250734
035 ## - SYSTEM CONTROL NUMBER
System control number (OCoLC)222250734
040 ## - CATALOGING SOURCE
Original cataloging agency DLC
Transcribing agency DLC
Modifying agency YDX
-- BAKER
-- BTCTA
-- YDXCP
-- DLC
050 00 - LIBRARY OF CONGRESS CALL NUMBER
Classification number HD3850
Item number .I544 2008
082 00 - DEWEY DECIMAL CLASSIFICATION NUMBER
Classification number 363.6068 AME
Edition number 22
245 00 - TITLE STATEMENT
Title Infrastructure reporting and asset management :
Remainder of title best practices and opportunities /
Statement of responsibility, etc. sponsored by Infrastructure Systems Committee of the Transportation & Development Institute (T&DI) of the American Society of Civil Engineers ; edited by Adjo Amekudzi, Sue McNeil.
260 ## - PUBLICATION, DISTRIBUTION, ETC.
Place of publication, distribution, etc. Reston, Va. :
Name of publisher, distributor, etc. American Society of Civil Engineers,
Date of publication, distribution, etc. c2008.
300 ## - PHYSICAL DESCRIPTION
Extent viii, 188 p. :
Other physical details ill., maps ;
Dimensions 22 cm.
504 ## - BIBLIOGRAPHY, ETC. NOTE
Bibliography, etc. note Includes bibliographical references and index.
650 #0 - SUBJECT ADDED ENTRY--TOPICAL TERM
Topical term or geographic name entry element Public works
General subdivision Evaluation.
9 (RLIN) 1121
650 #0 - SUBJECT ADDED ENTRY--TOPICAL TERM
Topical term or geographic name entry element Infrastructure (Economics)
9 (RLIN) 1122
650 #0 - SUBJECT ADDED ENTRY--TOPICAL TERM
Topical term or geographic name entry element Civil engineering.
9 (RLIN) 809
700 1# - ADDED ENTRY--PERSONAL NAME
Personal name Amekudzi, Adjo A.
9 (RLIN) 1123
700 1# - ADDED ENTRY--PERSONAL NAME
Personal name McNeil, Sue.
9 (RLIN) 1124
710 2# - ADDED ENTRY--CORPORATE NAME
Corporate name or jurisdiction name as entry element Transportation & Development Institute (American Society of Civil Engineers).
Subordinate unit Infrastructure Systems Committee.
9 (RLIN) 1125
856 41 - ELECTRONIC LOCATION AND ACCESS
Materials specified Table of contents only
Uniform Resource Identifier <a href="http://www.loc.gov/catdir/toc/ecip0815/2008015980.html">http://www.loc.gov/catdir/toc/ecip0815/2008015980.html</a>
906 ## - LOCAL DATA ELEMENT F, LDF (RLIN)
a 7
b cbc
c orignew
d 1
e ecip
f 20
g y-gencatlg
942 ## - ADDED ENTRY ELEMENTS (KOHA)
Source of classification or shelving scheme
Koha item type Book
Holdings
Withdrawn status Lost status Source of classification or shelving scheme Damaged status Not for loan Permanent Location Current Location Date acquired Total Checkouts Full call number Barcode Date last seen Price effective from Koha item type
          School of Civil and Environmental Engineering (SCEE) School of Civil and Environmental Engineering (SCEE) 05/18/2017   363.6068 AME NIT-8632 05/18/2017 05/18/2017 Book
          School of Civil and Environmental Engineering (SCEE) School of Civil and Environmental Engineering (SCEE) 12/26/2019   363.6068 AME NIT-8896 12/26/2019 12/26/2019 Book
© 2023 Central Library, National University of Sciences and Technology. All Rights Reserved.